Les 10 films ayant réalisé les plus gros succès au box-office mondial - Statistiques

Statistiques générales
  • Ce quiz a été pris 189 fois
  • Le résultat moyen est 4 sur 10
Statistiques - réponses
Box-Office Réalisateur Film % Correct
2 923 706 026 $ James Cameron Avatar
92%
2 264 743 305 $ James Cameron Titanic
90%
2 799 439 100 $ Anthony et Joe Russo Avengers: Endgame
52%
2 071 310 218 $ J. J. Abrams Star Wars, épisode VII : Le Réveil de la Force
52%
2 052 415 039 $ Anthony et Joe Russo Avengers: Infinity War
46%
2 320 250 281 $ James Cameron Avatar : La Voie de l'eau
33%
1 921 847 111 $ Jon Watts Spider-Man: No Way Home
15%
1 663 075 401 $ Jon Favreau Le Roi lion
14%
1 671 537 444 $ Colin Trevorrow Jurassic World
12%
1 697 783 042 $ Kelsey Mann Vice-versa 2
7%
Aucun quiz correspondant
Distribution des résultats
% des personnes avec chaque résultat
Percentile par nombre de réponses
Votre historique - résultats
Vous n’avez pas pris ce quiz